Advanced electromagnetic analysis of passive and active planar structures / (Record no. 175494)

000 -LEADER
fixed length control field 01097 a2200229 4500
003 - CONTROL NUMBER IDENTIFIER
control field Nust
005 - DATE AND TIME OF LATEST TRANSACTION
control field 20220802124020.0
010 ## - LIBRARY OF CONGRESS CONTROL NUMBER
LC control number 00302627
020 ## - INTERNATIONAL STANDARD BOOK NUMBER
International Standard Book Number 0852967632
040 ## - CATALOGING SOURCE
Transcribing agency Nust
082 00 - DEWEY DECIMAL CLASSIFICATION NUMBER
Classification number 621.3,ROZ
100 1# - MAIN ENTRY--PERSONAL NAME
Personal name Rozzi, T.
9 (RLIN) 96259
245 10 - TITLE STATEMENT
Title Advanced electromagnetic analysis of passive and active planar structures /
Statement of responsibility, etc. Tullio Rozzi and Marco Farina.
260 ## - PUBLICATION, DISTRIBUTION, ETC.
Place of publication, distribution, etc. London :
Name of publisher, distributor, etc. Institution of Electrical Engineers,
Date of publication, distribution, etc. 1999.
300 ## - PHYSICAL DESCRIPTION
Extent viii, 252 p. :
Other physical details ill. ;
Dimensions 24 cm.
440 #0 - SERIES STATEMENT/ADDED ENTRY--TITLE
Title IEE electromagnetic waves series ;
Volume/sequential designation 46
9 (RLIN) 56000
505 ## - FORMATTED CONTENTS NOTE
Formatted contents note Introduction (Page-1), Fundamentals of Electromagnetic (Page-23), Propagation in Closed Waveguides (Page-75), Ideal Planar Waveguides on Multilayered Substrate: 2D analysis (Page-117), Passive and active Planar Waveguides on Multilayered Substrate;2D Analysis (Page-165), Passive and active Planar Waveguides on multilayered substrate: 3D Analysis (Page-210).
650 #0 - SUBJECT ADDED ENTRY--TOPICAL TERM
Topical term or geographic name entry element Electric filters, Active
General subdivision Mathematical models.
9 (RLIN) 96260
650 #0 - SUBJECT ADDED ENTRY--TOPICAL TERM
Topical term or geographic name entry element Telecommunication Engineering.
700 1# - ADDED ENTRY--PERSONAL NAME
Personal name Farina, Marco,
9 (RLIN) 96261
942 ## - ADDED ENTRY ELEMENTS (KOHA)
Koha item type Reference
Source of classification or shelving scheme
Holdings
Withdrawn status Lost status Source of classification or shelving scheme Damaged status Not for loan Permanent Location Current Location Shelving location Date acquired Full call number Barcode Date last seen Price effective from Koha item type Public note
          Military College of Signals (MCS) Military College of Signals (MCS) Reference 12/12/2016 621.3,ROZ MCS27887 12/08/2016 12/12/2016 Reference Almirah No.20, Shelf No.2
© 2023 Central Library, National University of Sciences and Technology. All Rights Reserved.